taylor swift 1989 tour suprise guests - Statistics

General Stats
  • This quiz has been taken 8 times
    4 since last reset
  • The average score is 7 of 75
Answer Stats
Answer % Correct
Selena Gomez
67%
Shawn Mendes
67%
Avril Lavigne
33%
Charli XCX
33%
Fifth Harmony
33%
Gigi Hadid
33%
HAIM
33%
jason derulo
33%
john Legend
33%
Karlie Kloss
33%
Kendall Jenner
33%
Little Mix
33%
lorde
33%
Nick Jonas
33%
Pitbull
33%
the weekend
33%
Tove Lo
33%
Wiz Khalifa
33%
Alanis Morissette
0%
Alison Krauss
0%
Allesia Cara
0%
Andreja Pejic
0%
andy grammer
0%
Beck
0%
Cara Delevingne
0%
Chris Rock
0%
Ciara
0%
dan reynolds
0%
Dierks Bentley
0%
Dwyane Wade
0%
Echosmith
0%
Ellen DeGeneres
0%
Ellie Goulding
0%
Fetty Wap
0%
Hailee Steinfeld
0%
Heidi Klum
0%
Idina Menzel
0%
Joan Baez
0%
Julia Roberts
0%
Justin Timberlake
0%
Keith Urban
0%
Kelsea Ballerini
0%
Kobe Bryant
0%
Kobe Bryant
0%
Lena Dunham
0%
Leona Lewis
0%
Lily Aldridge
0%
Lily Donaldson
0%
Lisa Kudrow
0%
little big town
0%
Mariska Hargitay
0%
Mary J. Blige
0%
Matt Leblanc
0%
Mick Jagger
0%
Miranda Lambert
0%
MKTO
0%
Natalie Maines
0%
Nelly
0%
Nico
0%
Omi
0%
Rachel Platten
0%
Ricky Martin
0%
Russell Wilson
0%
ryan Tedder
0%
Sam Hunt
0%
Sean O’Pry
0%
Serayah
0%
Serena Williams
0%
Steven Tyler
0%
St. Vincent
0%
Sydney Sierota
0%
The Band Perry
0%
Uzo Aduba
0%
vinz
0%
Walk the Moon
0%
No matching quizzes found
Score Distribution
Percent of People with Each Score
Percentile by Number Answered
Your Score History
You have not taken this quiz since the last reset